000
00334nam a22001457a 4500
008
221121b ||||| |||| 00| 0 eng d
020
_a
9780323431125
041
_a
eng
080
_2
EIGHTH EDITION
_a
610.73
082
_a
610.73 BLA
100
_a
7
101
_a
INF
245
_a
PROFESIONAL NURSING
_c
BLACK P.B
942
_2
udc
_c
BK
999
_c
58987
_d
58987